Central Library OPAC University of Rajshahi

Beyond the rule of thumb : (Record no. 53578)

MARC details
000 -LEADER
fixed length control field 01002nam a2200289 a 4500
001 - CONTROL NUMBER
control field 53578
003 - CONTROL NUMBER IDENTIFIER
rucl marc code BD-RjUL
005 - DATE AND TIME OF LATEST TRANSACTION
control field 20211209080003.0
008 - FIXED-LENGTH DATA ELEMENTS--GENERAL INFORMATION
fixed length control field 161018s1990 coua b 001 0 eng
020 ## - INTERNATIONAL STANDARD BOOK NUMBER
International Standard Book Number 0813377897
035 ## - SYSTEM CONTROL NUMBER
System control number (BD-RjUL) 53700
040 ## - CATALOGING SOURCE
Original cataloging agency DLC
Transcribing agency DLC
Modifying agency DLC
-- BD-RjUL
Language of cataloging eng
041 ## - LANGUAGE CODE
Language code of text/sound track or separate title eng
082 00 - DEWEY DECIMAL CLASSIFICATION NUMBER
Classification number 338.9
Edition number 23
Author mark and year BOB 1990
100 1# - MAIN ENTRY--PERSONAL NAME
Personal name Boeri, Tito
9 (RLIN) 160131
245 10 - TITLE STATEMENT
Title Beyond the rule of thumb :
Remainder of title methods for evaluating public investment projects /
Statement of responsibility, etc. Tito Boeri.
260 ## - PUBLICATION, DISTRIBUTION, ETC. (IMPRINT)
Place of publication, distribution, etc. Boulder, Colo. :
Name of publisher, distributor, etc. Westview Press,
Date of publication, distribution, etc. c1990.
300 ## - PHYSICAL DESCRIPTION
Pagination xi, 162 p. :
Illustrations ill. ;
Size 23 cm.
500 ## - GENERAL NOTE
General note Includes index.
504 ## - BIBLIOGRAPHY, ETC. NOTE
Bibliography, etc Includes Bibliography: p. [145]-158 and index
650 #0 - SUBJECT ADDED ENTRY--TOPICAL TERM
Topical term or geographic name as entry element Economic development projects
General subdivision Evaluation.
9 (RLIN) 131107
Topical term or geographic name as entry element Economic development projects
General subdivision Cost effectiveness.
9 (RLIN) 160132
Topical term or geographic name as entry element Public investments
General subdivision Evaluation.
9 (RLIN) 160133
Topical term or geographic name as entry element Public investments
General subdivision Cost effectiveness.
9 (RLIN) 160134
Topical term or geographic name as entry element Shadow prices.
9 (RLIN) 160135
942 ## - ADDED ENTRY ELEMENTS (KOHA)
Source of classification or shelving scheme Dewey Decimal Classification
Koha item type Books
Holdings
Lost status Source of classification or shelving scheme Damaged status Not for loan Collection code Permanent Location Current Location Shelving location Date acquired Source of acquisition Cost, normal purchase price Total Checkouts Full call number Date last seen Copy number Koha item type
  Dewey Decimal Classification     Non-fiction Central Library, University of Rajshahi Central Library, University of Rajshahi   09/09/1993 Zeit 0.00   338.9 BOB 1990 18/10/2016 C-2 Books